Monarchs of Croatia - Statistics

General Stats
  • This quiz has been taken 90 times
  • The average score is 6 of 11
Answer Stats
Reign Monarch % Correct
925-928 Tomislav
92%
1075-1089 Demetrius Zvonimir
75%
935-945 Krešimir I
62%
949-969 Krešimir II
62%
1000-1030 Krešimir III
62%
1058-1075 Krešimir IV
62%
928-935 Trpimir II
54%
969-997 Držislav
40%
1030-1058 Stephen I
35%
945-949 Miroslav
29%
997-1000 Svetoslav
25%
No matching quizzes found
Score Distribution
Percent of People with Each Score
Percentile by Number Answered
Your Score History
You have not taken this quiz